[Event "FICGS class M 000074 email"]
[Site "FICGS email"]
[Date "2015.11.03"]
[Round "1"]
[White "Fyhn, Karsten"]
[Black "Benassi, Aspasio"]
[Result "1-0"]
[WhiteElo "2346"]
[BlackElo "2189"]
[PlyCount "117"]
[EventDate "2015.??.??"]
[EventType "tourn (corr)"]
[EventRounds "6"]
[SourceTitle "Corr 2022"]
[Source "ChessBase"]
[SourceDate "2021.10.24"]
[SourceVersion "1"]
[SourceVersionDate "2021.10.24"]
[SourceQuality "1"]

1. e4 c5 2. Nf3 d6 3. d4 cxd4 4. Nxd4 Nc6 5. Nc3 e5 6. Ndb5 a6 7. Na3 b5 8. Nd5 Nf6 9. Bg5 Be7 10. Bxf6 Bxf6 11. c3 Bg5 12. Nc2 Rb8 13. a4 bxa4 14. Ncb4 Nxb4 15. Nxb4 Bd7 16. Bxa6 0-0 17. 0-0 Qa5 18. Qxd6 Rfd8 19. Qd5 Qxd5 20. exd5 Rb6 21. Be2 g6 22. Rfb1 Rdb8 23. Bd3 f5 24. f3 Be3+ 25. Kh1 Rc8 26. Bf1 Kf7 27. Re1 f4 28. Be2 Ke7 29. Bd1 Ra8 30. Bc2 Rd6 31. Be4 Bb5 32. g4 Kf6 33. h4 h6 34. Kg2 Ra7 35. Nc6 Rad7 36. c4 Bxc4 37. g5+ hxg5 38. hxg5+ Kxg5 39. Nxe5 Bxd5 40. Nxd7 Bxe4 41. Red1 Rxd1 42. Rxd1 Bf5 43. Ne5 Be6 44. Rd6 Bb3 45. Ra6 Bd4 46. Nd3 Kh6 47. Rc6 Be3 48. Rf6 Kg7 49. Ra6 Kh6 50. Ra5 Bd2 51. Rc5 Be3 52. Rc6 Bg8 53. Nf2 Bd4 54. Rc2 Bxf2 55. Kxf2 Bb3 56. Rc5 g5 57. Ke2 Kh5 58. Kd3 Bc2+ 59. Rxc2 1-0

[Event "FICGS class M 000074 email"]
[Site "FICGS email"]
[Date "2015.11.03"]
[Round "1"]
[White "Schmid, Pablo"]
[Black "Fyhn, Karsten"]
[Result "1/2-1/2"]
[WhiteElo "2250"]
[BlackElo "2346"]
[PlyCount "185"]
[EventDate "2015.??.??"]
[EventType "tourn (corr)"]
[EventRounds "6"]
[SourceTitle "Corr 2022"]
[Source "ChessBase"]
[SourceDate "2021.10.24"]
[SourceVersion "1"]
[SourceVersionDate "2021.10.24"]
[SourceQuality "1"]

1. d4 Nf6 2. c4 g6 3. Nc3 Bg7 4. e4 d6 5. Nf3 0-0 6. Be2 e5 7. 0-0 Nc6 8. d5 Ne7 9. b4 Nh5 10. Re1 f5 11. Ng5 Nf6 12. f3 Kh8 13. Rb1 h6 14. Ne6 Bxe6 15. dxe6 fxe4 16. fxe4 Nc6 17. Nd5 Ng8 18. Bd3 Nd4 19. Qg4 g5 20. Be3 c6 21. Rf1 cxd5 22. exd5 Rxf1+ 23. Rxf1 Nf6 24. Qh3 Kg8 25. Bxd4 exd4 26. Qf5 Qe7 27. h4 gxh4 28. Rf4 a6 29. Qg6 b6 30. a3 Rb8 31. a4 Rc8 32. Kh2 Rd8 33. Kh1 Kf8 34. Qf5 a5 35. bxa5 bxa5 36. Rxh4 Rb8 37. Rxd4 Rb4 38. Bc2 Qe8 39. Rh4 Ke7 40. Qf2 Rb7 41. Qe1 Qd8 42. Rf4 Kf8 43. Qe4 Kg8 44. Qg6 Qe7 45. Rf3 Rb4 46. Qd3 Rb2 47. Kg1 Qe8 48. Rg3 Kh8 49. Re3 Qe7 50. Re1 Kg8 51. g3 Rb8 52. Kg2 Rb6 53. Kh3 Kh8 54. Re3 Kg8 55. Re2 Kh8 56. Re3 Kg8 57. Re2 Kh8 58. Kg2 Kg8 59. Rf2 Rb7 60. Rf1 Rb4 61. Re1 Rb2 62. Kh3 Rb6 63. Qd2 Ra6 64. Kg2 Kh8 65. Re3 Kg8 66. Re2 Kh8 67. Re1 Kg8 68. Rb1 Ra8 69. Qd3 Qc7 70. Qe2 Qe7 71. Rb6 Rc8 72. Qd3 Bf8 73. Qg6+ Bg7 74. Bf5 Rd8 75. c5 Nxd5 76. cxd6 Rxd6 77. Rb8+ Rd8 78. Qf7+ Qxf7 79. exf7+ Kxf7 80. Rxd8 Ne3+ 81. Kh3 Nxf5 82. Rd5 Ke6 83. Rxa5 Be5 84. g4 Nd6 85. Kh4 Bf6+ 86. Kh5 Bg5 87. Ra6 Kd5 88. a5 Kc5 89. Ra8 Kb5 90. a6 Kb6 91. Kg6 Nb5 92. Rh8 Kxa6 93. Rxh6 1/2-1/2

[Event "WC-2013-T-00004"]
[Site "LSS email"]
[Date "2011.12.24"]
[Round "?"]
[White "Fyhn, Karsten"]
[Black "Bergmann, Michael"]
[Result "1/2-1/2"]
[WhiteElo "2305"]
[BlackElo "2418"]
[PlyCount "49"]
[EventDate "2011.12.28"]
[EventType "tourn (corr)"]
[EventRounds "12"]
[EventCountry "GER"]
[SourceTitle "Telechess CBM 163"]
[Source "ChessBase"]
[SourceDate "2014.11.11"]
[SourceVersion "2"]
[SourceVersionDate "2014.11.11"]
[SourceQuality "1"]

1. e4 c5 2. Nf3 d6 3. d4 cxd4 4. Nxd4 Nf6 5. Nc3 a6 6. Be3 e6 7. f3 b5 8. Qd2 Nbd7 9. g4 b4 10. Nce2 h6 11. 0-0-0 Qc7 12. h4 d5 13. Bh3 Nb6 14. b3 dxe4 15. g5 Nfd5 16. fxe4 Nxe3 17. Qxe3 hxg5 18. Qxg5 Rh6 19. Rhf1 Rg6 20. Qe3 e5 21. Nf5 Qc5 22. Qf3 Bxf5 23. Qxf5 Rf6 24. Qg5 Rg6 25. Qf5 1/2-1/2

[Event "WC-2013-T-00004"]
[Site "LSS email"]
[Date "2011.12.24"]
[Round "?"]
[White "Laghetti, Gaetano"]
[Black "Fyhn, Karsten"]
[Result "1/2-1/2"]
[WhiteElo "2402"]
[BlackElo "2305"]
[PlyCount "68"]
[EventDate "2011.12.28"]
[EventType "tourn (corr)"]
[EventRounds "12"]
[EventCountry "GER"]
[SourceTitle "Telechess CBM 163"]
[Source "ChessBase"]
[SourceDate "2014.11.11"]
[SourceVersion "2"]
[SourceVersionDate "2014.11.11"]
[SourceQuality "1"]

1. d4 Nf6 2. c4 g6 3. Nc3 Bg7 4. e4 d6 5. f3 0-0 6. Be3 Nc6 7. Nge2 a6 8. Qd2 Rb8 9. h4 h5 10. Nc1 e5 11. d5 Nd4 12. N1e2 c5 13. dxc6 Nxc6 14. Rc1 Qa5 15. Qxd6 Rd8 16. Qc5 Qxc5 17. Bxc5 b5 18. cxb5 axb5 19. Rd1 Be6 20. Rxd8+ Rxd8 21. Nxb5 Bh6 22. Nec3 Rd2 23. Ba3 Nd7 24. Nd5 Rc2 25. Nbc3 Nd4 26. Nb4 Rc1+ 27. Kf2 Bf8 28. Kg3 Bc4 29. Kf2 Bc5 30. Nbd5 Bxa3 31. bxa3 Bxd5 32. Nxd5 Rc2+ 33. Kg3 Rxa2 34. Bc4 Rxa3 1/2-1/2

[Event "WC-2013-T-00004"]
[Site "LSS email"]
[Date "2011.12.24"]
[Round "?"]
[White "Pannekoek, Willem Jan"]
[Black "Fyhn, Karsten"]
[Result "1/2-1/2"]
[WhiteElo "2318"]
[BlackElo "2305"]
[PlyCount "80"]
[EventDate "2011.12.28"]
[EventType "tourn (corr)"]
[EventRounds "12"]
[EventCountry "GER"]
[SourceTitle "Telechess CBM 163"]
[Source "ChessBase"]
[SourceDate "2014.11.11"]
[SourceVersion "2"]
[SourceVersionDate "2014.11.11"]
[SourceQuality "1"]

1. d4 Nf6 2. c4 g6 3. g3 Bg7 4. Bg2 0-0 5. Nc3 d6 6. Nf3 Nc6 7. 0-0 a6 8. Qd3 e5 9. dxe5 dxe5 10. Qxd8 Rxd8 11. Bg5 Be6 12. Nd2 h6 13. Bxf6 Rxd2 14. Bxg7 Kxg7 15. Bxc6 bxc6 16. b3 a5 17. Rfd1 Rc2 18. Rdc1 Rd2 19. Kf1 Rad8 20. Ke1 f5 21. Na4 R2d4 22. Nc5 Bc8 23. a3 Kf6 24. b4 axb4 25. axb4 Be6 26. Nxe6 Kxe6 27. Ra6 Kd7 28. b5 cxb5 29. cxb5 Rd6 30. Rac6 Rxc6 31. Rxc6 Rg8 32. Kd2 h5 33. Kd3 h4 34. e4 hxg3 35. hxg3 Rb8 36. exf5 gxf5 37. Kc4 Ra8 38. Rf6 f4 39. gxf4 Ra4+ 40. Kc5 Rxf4 1/2-1/2

[Event "LSS WC-2013-S-00001"]
[Site "LSS email"]
[Date "2010.07.20"]
[Round "?"]
[White "Vyzharov, Ivan"]
[Black "Fyhn, Karsten"]
[Result "1/2-1/2"]
[WhiteElo "2073"]
[BlackElo "2310"]
[PlyCount "59"]
[EventDate "2010.07.25"]
[EventType "tourn (corr)"]
[EventRounds "10"]
[EventCountry "GER"]
[SourceTitle "Telechess CBM 159"]
[Source "ChessBase"]
[SourceDate "2014.03.17"]
[SourceVersion "1"]
[SourceVersionDate "2014.03.17"]
[SourceQuality "1"]

1. d4 d5 2. c4 c6 3. Nf3 e6 4. Qc2 dxc4 5. Qxc4 Nf6 6. g3 b5 7. Qb3 Bb7 8. Bg2 a6 9. a4 Be7 10. 0-0 0-0 11. Rd1 c5 12. dxc5 Nbd7 13. Be3 Nd5 14. Bd4 Qc7 15. axb5 Nxc5 16. Bxc5 Bxc5 17. Nbd2 axb5 18. Qxb5 Rfb8 19. Nb3 Bf8 20. Rxa8 Bxa8 21. Qd3 Nb4 22. Qb1 Nd5 23. Nfd2 Qe5 24. e4 Nb4 25. Nc4 Qc7 26. Qc1 Na2 27. Qc2 Nb4 28. Qc3 Na2 29. Qd3 Nb4 30. Qd4 1/2-1/2